000 00621cab a2200205 4500
001 WB2324-31
008 090401t1987 xxu||||| |||| 00| 0 eng d
035 _a(Sirsi) u19774
041 _aeng
245 _aTEAM advertises for more members
260 _c1987
350 _a0
490 _aChartered Surveyor Weekly
_v19(12) 18/6/87 p24
520 _aNotes services available from the TEAM Association and its financial services arm TEAM Agencies.
650 _aESTATE AGENCY
650 _aMULTIPLE LISTING
690 _aMANAGEMENT-BUSINESS MANAGEMENT-PROFESSIONAL PRACTICE
942 _n0
948 _c04/03/1997
999 _c13236
_d13236